I Santi Ci Sono Ancora Un dono luce di speranza per chi crede e chi non crede

Spremljeno u:
Bibliografski detalji
Glavni autor: Domenico Mondrone
Format: Knjiga
Jezik:nepoznati jezik
Izdano: Edizione Pro
Oznake: Dodaj oznaku
Bez oznaka, Budi prvi tko označuje ovaj zapis!

MARC

LEADER 00000nam a2200000Ia 4500
001 R-55
003 CODICE-MESSINA
005 20260212102446.0
008 260211s9999 xx 000 0 und d
040 |c importazione_messina 
100 |a Domenico Mondrone 
245 0 |a I Santi Ci Sono Ancora 
245 0 |b Un dono luce di speranza per chi crede e chi non crede 
260 |b Edizione Pro 
942 |2 ddc  |c BK 
952 |0 0  |1 0  |2 ddc  |4 0  |6 SCAFFALE_1_000000000000000__RELIGIONE  |7 0  |9 30872  |a ME  |b ME  |d 2026-02-11  |l 0  |o SCAFFALE 1 - RELIGIONE  |p R-55  |r 2026-02-11 23:52:11  |w 2026-02-11  |x [REVISIONARE]  |y BK 
999 |c 26536  |d 26536